| 000 | 00359nam a22001577a 4500 | ||
|---|---|---|---|
| 999 |
_c10568 _d10568 |
||
| 003 | OSt | ||
| 008 | 210318b ||||| |||| 00| 0 eng d | ||
| 022 | _a9780143032199 | ||
| 100 | _aJALAN,Bimal | ||
| 245 | _aThe Indian Economy | ||
| 250 | _a1st and Reprint 2004 | ||
| 260 |
_aLondon _bPenguin Books _c- |
||
| 300 | _a427 | ||
| 650 | _aMBA | ||
| 942 |
_2ddc _cBK |
||